Normal view MARC view
  • Pulido Ochoa, Roberto I.

Entry Nombre Personal

Number of records used in: 10

001 - NUMERO DE CONTROL

  • campo de control: 29886

003 - IDENTIFICADOR DE NUMERO DE CONTROL

  • campo de control: MX-MxUPN

005 - FECHA Y HORA DE LA ÜLTIMA TRANSACCIÓN

  • campo de control: 20260226085410.0

008 - DATOS DE LONGITUD FIJA

  • campo de control de longitud fija: 260218n| acannaabn a aaa |d

024 7# - OTROS IDENTIFICADORES NORMALIZADOS

  • Número normalizado o código: 0000-0002-6766-8350
  • Fuente: orcid
  • URI: https://orcid.org/0000-0002-6766-8350

024 7# - OTROS IDENTIFICADORES NORMALIZADOS

  • Número normalizado o código: Q136327898
  • Fuente: wikidata
  • URI: https://www.wikidata.org/wiki/Q136327898

035 ## - NUMERO DE CONTROL

  • Número de control: UPN11000001992

040 ## - FUENTE DE CATALOGACIÓN

  • Agencia original de catalogación: MX-MxUPN
  • Lenguaje de catalogación: spa
  • Agencia de transcripción: MX-MxUPN

100 1# - ENCABEZAMIENTO - NOMBRE PERSONAL

  • Nombre personal: Pulido Ochoa, Roberto I.

371 ## - DIRECCIÓN

  • Electronic mail address: rpulido@upn.mx

372 ## - CAMPO DE ACTIVIDAD

  • Field of activity: Lectura
  • Field of activity: Escritura
  • Field of activity: Literatura infantil

373 ## - GRUPO ASOCIADO

  • Associated group: Universidad Pedagógica Nacional (México)
  • Fuente del término: naf

374 ## - OCUPACIÓN

  • Occupation: Profesor universitario

377 ## - LENGUA ASOCIADA

  • Language code: spa

400 1# - VEÁSE - NOMBRE DE PERSONA

  • Personal name: Pulido Ochoa, Roberto Isidro

400 1# - VEÁSE - NOMBRE DE PERSONA

  • Personal name: Pulido Ochoa, Roberto

670 ## - FUENTE EN LA QUE SE LOCALIZARON DATOS

  • Cita de la fuente: Rostros https://sibi-intra.upn.mx/cgi-bin/koha/authorities/authorities.pl?authid=29886#de la lectura : historias de maestros, 2010:
  • Información localizada: portada (Roberto I. Pulido Ochoa)

670 ## - FUENTE EN LA QUE SE LOCALIZARON DATOS

  • Cita de la fuente: La formación de valores en la escuela primaria : antología complementaria, 1997:
  • Información localizada: portada (Roberto Pulido Ochoa)

670 ## - FUENTE EN LA QUE SE LOCALIZARON DATOS

  • Cita de la fuente: Página web UPN, 18 febrero 2025:
  • Información localizada: (Roberto Isidro Pulido Ochoa; profesor de tiempo en la Universidad Pedagógica Nacional; doctorado en Pedagogía por la Universidad Nacional Autónoma de México; línea de investigación: formación de docentes en el campo de Lectura, Escritura y Literatura Infantil; e-mail: rpulido@upn.mx)
  • Uniform Resource Identifier: https://area2.upnvirtual.edu.mx/index.php/cuerpos-academicos/dl/108-dr-roberto-isidro-pulido-ochoa

680 ## - NOTA PUBLICA DE ACCESO PÚBLICO

  • Frase explicativa de la referencia: Doctor en Pedagogía mexicano

902 ## - CATALOGADOR

  • Catalogador: DAA/180908
  • Catalogador: Víctor Ruiz/180226